| 000 | 00619nam a2200169 i 4500 | ||
|---|---|---|---|
| 001 | 147222 | ||
| 003 | ES-MaACL | ||
| 005 | 20230906201904.0 | ||
| 007 | t| | ||
| 008 | 070924s1912 xxk ||||1| eng d | ||
| 100 | 1 |
_aTyrrell, George. _9111809 |
|
| 245 | 1 | 0 |
_aAutobiography and life / _cof George Tyrrell. |
| 260 |
_aLondon (Guilford) : _b[s.n.], _c1912 ( _fBilling and sons) |
||
| 300 |
_a2 v. ; _c23 cm. |
||
| 505 | 8 | _aContiene: v.I. Autobiography of George Tyrrell, 1861-1884. Arranged with supplements by M.D. Petre. v. II. Life of George Tyrrell from 1884 to 1909 by M.D. Petre | |
| 852 |
_aES-MaACL _jF-11-127-28 |
||
| 999 |
_c147222 _d147222 |
||